00209nam a2200085Ia 4500008004100000041000800041100001700049245003600066260002100102241105s9999 xx 000 0 und d aeng aBhalerao Jui aEast Pune Municipal Corporation bBNCA, Punec2016